Cenová diskriminácia monopolu v plynárenskom sektore SR bakalárska práca

Na minha lista:
Detalhes bibliográficos
Autor principal: Mečírová, Erika
Autor Corporativo: Národohospodárska fakulta EU. Katedra financií
Outros Autores: Bašová, Alena, 1961-
Formato: Livro
Idioma:eslovaco
Publicado em: Bratislava 2018
Tags: Adicionar Tag
Sem tags, seja o primeiro a adicionar uma tag!

MARC

LEADER 00000nbm a2200000 4500
001 0245931
005 20181214084909.2
041 0 |a slo 
044 |a SK 
245 1 0 |a Cenová diskriminácia monopolu v plynárenskom sektore SR  |b bakalárska práca  |c Erika Mečírová ; školiteľ: Alena Bašová 
264 1 |a Bratislava  |c 2018 
300 |a 51 s. 
100 1 |a Mečírová, Erika 
700 1 |a Bašová, Alena, 1961- 
710 2 |a Národohospodárska fakulta EU. Katedra financií